[Event "16th IRI-chT Super League 2017"]
[Site "Sari"]
[Date "2017.10.19"]
[Round "9"]
[White "Asgarizadeh, Ahmad"]
[Black "Ebrahimzadeh, Mohammadnaghi"]
[Result "1-0"]
[WhiteElo "2415"]
[BlackElo "1865"]
[Annotator "TA"]
[PlyCount "45"]
[EventDate "2017.??.??"]
[EventType "team-tourn"]
[EventCountry "IRI"]
[SourceTitle "playchess.com"]
[Source "ChessBase"]
[SourceQuality "1"]

{[%evp 23,45,43,85,63,68,59,69,58,96,76,104,87,148,132,146,136,224,239,310,307,949,952,916,925]} 1. e4 c5 2. Nf3 e6 3. d4 cxd4 4. Nxd4 a6 5. Bd3 Nf6 6. O-O Qc7 7. Qe2 d6 8. c4 Nc6 9. Nxc6 bxc6 10. Nc3 Be7 11. f4 {B42: Sicilian: Kan Variation: 5 Bd3} e5 (11... Nd7 12. Be3 c5 13. Rad1 Bb7 14. Bc2 Rd8 15. Qg4 O-O 16. Qh3 {1-0 (38) Stellwagen,D (2630)-Nikolov,M (2563) Istanbul 2012}) 12. f5 h5 {LiveBook: 3 Games} 13. Kh1 {White is better.} Bb7 14. Be3 Kf8 15. Rac1 Qa5 $146 ({Predecessor:} 15... Qd8 16. Na4 Nd7 17. c5 Qa5 18. cxd6 Bxd6 19. Qc2 Kg8 20. Rfd1 Qc7 21. Bc4 c5 22. Qc3 {1-0 (22) Chahrour,I (2170)-Maccapani,M (2032) Tromsoe 2014}) 16. b4 Qd8 17. Rfd1 Ng4 {[#]} (17... h4 $142) 18. Bg1 $1 $16 Bg5 19. Rb1 Qc8 (19... Bf4 $16 20. g3 Bg5) 20. Bc2 $18 Be7 21. c5 Qc7 $2 (21... dxc5 22. Na4 (22. Bxc5 Qe8 $18) (22. bxc5 a5 $16) 22... Qc7 23. Nxc5 Bc8) 22. cxd6 Bxd6 {[#]} 23. Rxd6 $1 {[%mdl 512] Precision: White = 83%, Black =  6%.} 1-0

[Event "16th IRI-chT Super League 2017"]
[Site "Sari"]
[Date "2017.10.19"]
[Round "9"]
[White "Omidi, Arya"]
[Black "Firouzja, Alireza"]
[Result "1/2-1/2"]
[WhiteElo "2380"]
[BlackElo "2525"]
[Annotator "TA"]
[PlyCount "131"]
[EventDate "2017.??.??"]
[EventType "team-tourn"]
[EventCountry "IRI"]
[SourceTitle "playchess.com"]
[Source "ChessBase"]
[SourceQuality "1"]

{[%evp 24,131,37,25,42,-23,-20,-4,-16,-34,-31,-66,-84,-70,9,-94,-26,-23,0,-7,0,-134,-141,-129,-127,-127,-46,-46,0,0,0,0,0,0,0,0,145,158,157,142,424,402,417,409,332,242,224,79,72,17,17,17,24,24,31,37,123,114,141,46,46,46,46,46,46,46,46,46,46,46,46,0,0,0,46,46,46,46,46,46,46,25,163,0,32,0,33,0,37,0,0,-29992,0,0,0,0,0,0,0,0,0,0,0,0,0,0,0,0,0,0]} 1. e4 c5 2. Nf3 Nc6 3. d4 cxd4 4. Nxd4 Nf6 5. Nc3 d6 6. Bg5 e6 7. Qd2 a6 8. O-O-O Bd7 9. f4 {[%cal Bf2f4,Bf4f5][%mdl 32]} b5 {[%cal Bb7b5,Bb5b4][%mdl 32]} 10. Bxf6 gxf6 11. Kb1 Qb6 12. Nxc6 Bxc6 13. f5 h5 {B67: Sicilian: Richter-Rauzer: 7...a6 8 0-0-0 Bd7, lines without 9 f4 Be7} 14. Bd3 (14. fxe6 $14 fxe6 15. Qd3) 14... b4 $1 $11 15. Ne2 Bh6 16. Qe1 e5 $1 17. Bc4 Ke7 18. Nc1 {[#]} Rhc8 $146 (18... Rag8 $15 19. Qe2 Rg4) ({Predecessor:} 18... Rac8 19. Qe2 Bxc1 20. Kxc1 Bb5 21. Bxb5 Qxb5 22. Rd3 {0-1 (56) Stripunsky,A (2570)-Yermolinsky,A (2620) Woburn 1999}) 19. Qh4 (19. Nd3 $11) 19... Ba4 (19... Bxc1 $1 $17 20. Rxc1 Qd4 21. Bxf7 Qxe4 22. Qxh5 Rh8) 20. Bd3 Qc6 {[%cal Ra4c2]} 21. Nb3 Bb5 22. Qxh5 (22. Na1 $11 {keeps the balance.}) 22... Bxd3 $17 23. cxd3 Qc2+ 24. Ka1 Rh8 (24... Bf4 $17 25. g3 Be3) 25. Qf3 $15 a5 {[#]} 26. Rc1 $1 {[%cal Rc1c2][%mdl 512]} Bxc1 27. Rxc1 Qxc1+ 28. Nxc1 Rxh2 29. Kb1 Rh1 (29... Rc8 $1 $11) 30. g4 $1 $16 Rah8 31. g5 $1 {[%cal Rg5g6]} Re1 $2 {[%mdl 8192]} (31... b3 $16 32. axb3 Rg1) 32. Qf2 $18 Rhh1 {[%csl Gh1][%cal Re1c1]} 33. Qa7+ Kf8 {[%csl Gh1][%cal Re1c1]} 34. Qb8+ Kg7 {[%csl Gh1][%cal Re1c1]} 35. gxf6+ (35. Kc2 $1 $18) 35... Kxf6 $16 {[%csl Gh1][%cal Re1c1]} 36. Qxd6+ (36. Kc2 $1 $16 Kg5 37. Qg8+ (37. Qxd6 Rxc1+ 38. Kb3 f6 $16) 37... Kf4 38. Kb3 (38. Qxf7 $2 a4 $19) (38. Nb3 Re2+ 39. Nd2 Rhh2 $15)) 36... Kg5 $11 {[%csl Gh1][%cal Re1c1]} 37. Kc2 Rxc1+ {[%mdl 4096] Endgame KQ-KRR} 38. Kb3 f6 $1 39. Qe7 Rcd1 ({Black should play} 39... Rc6 $14) 40. Qg7+ $16 Kf4 {[#]} 41. Qxf6 ({Better is} 41. Kc4 $1 $16) 41... Rxd3+ $14 42. Ka4 Rh7 43. Qg6 Rdd7 $1 44. f6 Ke3 45. Kxa5 Rb7 $1 46. Ka4 Kd4 47. Kb3 {Threatens to win with Qg2.} Rh3+ 48. Ka4 Rhh7 $1 49. Qf5 Rhf7 50. Kb3 {Hoping for Qf3.} Rh7 51. Qf3 Rhc7 $1 52. Qe2 {Strongly threatening Qg2.} Rf7 (52... Ra7 $11 {and Black is okay.} 53. Qf3 Rab7) 53. Qf3 (53. Kc2 $18 {Qd3+ is the strong threat.} Rbc7+ 54. Kd2 Rxf6 55. a4 bxa3 56. Qe3+ Kc4 57. Qc3+ Kb5 58. Qxe5+ Rc5 59. Qxf6) 53... Rfc7 $1 54. Qf5 Rh7 55. Qf3 {aiming for Qg4.} Rhc7 $1 56. Ka4 {And now Kb3 would win.} b3 57. a3 $2 {[%mdl 8192] [#]} (57. Qf2+ $11 Kxe4 58. axb3) 57... Rb8 $2 (57... Rc4+ $1 {mates} 58. Ka5 Kc5 59. Qf2+ Kc6 60. a4 Rbb4 61. Qc5+ Kxc5 62. Ka6 Rb6+ 63. Ka5 Kc6 64. f7 Rc5#) 58. Qf2+ $11 {The position is equal.} Kxe4 59. f7 Rcc8 60. Qe2+ Kf5 61. Qf3+ Ke6 62. Qg4+ Kd5 {( -> ...Rc4+)} 63. Qd1+ Ke6 64. Qg4+ Kd6 65. Qg6+ Kc5 66. Qe4 {Precision: White = 45%, Black = 61%.} 1/2-1/2

[Event "16th IRI-chT Super League 2017"]
[Site "Sari"]
[Date "2017.10.19"]
[Round "9"]
[White "Hejazipour, Mitra"]
[Black "Hamedi Nia, Vesal"]
[Result "1-0"]
[WhiteElo "2327"]
[BlackElo "1894"]
[Annotator "TA"]
[PlyCount "91"]
[EventDate "2017.??.??"]
[EventType "team-tourn"]
[EventCountry "IRI"]
[SourceTitle "playchess.com"]
[Source "ChessBase"]
[SourceQuality "1"]

{[%evp 21,91,42,49,44,56,43,114,109,96,86,179,141,162,164,160,172,154,171,165,167,176,162,164,163,165,170,171,178,208,200,185,191,218,231,336,316,322,319,485,485,471,336,327,300,826,803,2963,2331,29975,29976,29989,29990,29990,29991,29991,535,535,520,504,518,687,686,686,654,635,620,568,560,4718,4718,5718,5691]} 1. e4 c5 2. Nf3 e6 3. d4 cxd4 4. Nxd4 a6 5. Bd3 Qc7 6. O-O Nf6 7. Qe2 d6 8. c4 Be7 9. Nc3 O-O 10. f4 Nbd7 11. Kh1 b6 12. Bd2 {B42: Sicilian: Kan Variation: 5 Bd3} Bb7 13. Rae1 e5 (13... Rac8 $14) (13... Rad8 14. Nf3 g6 15. f5 exf5 16. exf5 Ne5 17. Nxe5 dxe5 18. Bg5 Rd4 19. fxg6 fxg6 {1-0 (34) Saric,I (2661)-Vazquez Igarza,R (2581) Linares 2015}) 14. Nf5 $16 {White is better.} Rfe8 15. fxe5 $146 ({Predecessor:} 15. Nxe7+ Rxe7 16. fxe5 Rxe5 {0-1 (66) Gruzmann,B (2236)-Vucenovic,D (2309) Rogaska Slatina 2009}) 15... dxe5 (15... Nxe5 $16 16. Nxe7+ Rxe7) 16. Bg5 Bf8 {[#]} 17. Nh6+ $1 {[%mdl 512]} gxh6 18. Bxf6 Nxf6 19. Rxf6 Bg7 20. Rf3 Re6 21. Ref1 {Black must now prevent Nd5.} Rf8 22. Nd5 Qd6 23. Qf2 f6 24. b4 {[%cal Bb2b4,Bb4c5][%mdl 32]} Qd8 25. Bc2 Kh8 26. Rd1 Rd6 27. c5 bxc5 (27... Rd7 $142 28. cxb6 Rd6) 28. bxc5 $18 Rd7 {[#]} 29. Ba4 $1 Bxd5 (29... Rdf7 $142 30. c6 Qa5) 30. Bxd7 ({Inferior is} 30. exd5 Rxd5 31. Rxd5 Qxd5 $11) 30... Bxe4 31. Rg3 f5 32. Ba4 Qa5 $2 {[#]} (32... Qh4 33. Qe2 Bb7) 33. Rxg7 $1 {[%mdl 512] Threatening mate with Rdd7.} Qxa4 (33... Kxg7 34. Qg3+) 34. Rdd7 f4 35. Qb2 Re8 36. Qb6 Bc6 37. Rxh7+ Kg8 38. Rdg7+ (38. Rhg7+ $142 Kh8 {[#]} 39. Rge7 $1 {[%mdl 512]} Qd1+ 40. Rxd1 Rxe7 41. Qxc6 Kg7 42. Rd7 Kf7 43. Rxe7+ Kxe7 44. Qd6+ Kf7 45. c6) 38... Kf8 {[%cal Ra4d1] White is clearly winning.} 39. Qb3 Qxb3 40. axb3 {[%mdl 4096] Endgame KRR-KRB} Be4 41. Rh8+ Kxg7 42. Rxe8 Kf6 43. Kg1 a5 44. Kf2 Bd5 45. Rd8 Be4 {[#]} 46. c6 $1 {Precision: White = 80%, Black = 35%.} 1-0

[Event "16th IRI-chT Super League 2017"]
[Site "Sari"]
[Date "2017.10.19"]
[Round "9"]
[White "Hosseinipour, Mehdi"]
[Black "Gholami, Aryan"]
[Result "0-1"]
[WhiteElo "2319"]
[BlackElo "2482"]
[Annotator "TA"]
[PlyCount "110"]
[EventDate "2017.??.??"]
[EventType "team-tourn"]
[EventCountry "IRI"]
[SourceTitle "playchess.com"]
[Source "ChessBase"]
[SourceQuality "1"]

{[%evp 15,110,27,44,8,6,8,11,5,63,64,70,75,80,40,59,46,60,54,64,59,67,45,90,60,73,31,43,31,42,46,28,4,86,36,49,54,53,45,51,68,91,90,100,31,42,40,47,0,33,0,19,40,28,0,24,0,0,0,0,-13,-13,-13,-14,-21,-28,-223,-208,-386,-399,-472,-461,-456,-435,-369,-270,-262,-253,-241,-253,-252,-246,-239,-233,-228,-235,-200,-146,-204,-206,-877,-865,-5065,-5057,-5206,-4134,-29967,-11141]} 1. e4 c6 2. d4 d5 3. e5 Bf5 4. h4 h5 5. Bd3 Bxd3 6. Qxd3 e6 7. Nf3 Ne7 {B12: Caro-Kann: Advance Variation} 8. Bg5 Qb6 {LiveBook: 4 Games} (8... Nd7 9. O-O Qc7 10. Nc3 Rc8 11. Rac1 Qb6 12. b3 Nf5 13. Ne2 Ba3 14. Rcd1 Be7 {1-0 (77) Vallejo Pons,F (2700)-Donchenko,A (2569) Gjakova 2016}) 9. Nc3 Nf5 {The position is equal.} 10. O-O Qa6 11. Qd2 Nd7 (11... Bb4 $11) 12. Ne2 $146 ({Predecessor:} 12. a3 Be7 13. Bxe7 Nxe7 14. Ne2 Nf5 15. Ng3 {1-0 (37) Le,T-Zivanic,M Menorca 1996}) 12... c5 13. c3 f6 14. exf6 gxf6 15. Bf4 O-O-O 16. Rfe1 Bd6 17. Bxd6 Qxd6 18. Qf4 Kc7 19. Rad1 c4 20. Qxd6+ Kxd6 21. Nf4 Ng7 22. Nh2 Nf8 23. Nf1 Rc8 (23... Nf5 $11) 24. Ng3 Rc6 25. Re2 Ra6 26. a3 Rb6 27. Rde1 Rc6 28. f3 Rc7 {[#]} 29. Kf2 (29. Nf1 $1 $16) 29... Rf7 30. Rd1 Rh6 31. Kg1 Re7 (31... Ng6 {is more complex.} 32. Nxe6 Nxh4 33. Nf4 Ng6 34. Ne6 Nh4) 32. Kf2 Ng6 33. Nxg6 Rxg6 34. Ree1 Re8 35. Re2 Rg8 {...Ne8 is the strong threat.} 36. Rg1 e5 37. dxe5+ fxe5 38. Rd1 Ke6 $1 {And now ...Ne8 would win.} 39. Rde1 e4 $1 40. Nf1 $2 (40. Rd1 $11) 40... Nf5 $1 $19 {[%csl Gg8,LRg2,LRh4][%cal Rg6g2]} 41. g4 $2 (41. Ne3 {is a better defense.}) 41... Nxh4 42. fxe4 Rf8+ 43. Ke3 Rxg4 44. exd5+ Kd6 45. Rc1 Re8+ ({Don't take} 45... Kxd5 46. Kd2 $17) 46. Kd2 Nf3+ 47. Kd1 Rge4 48. Rcc2 h4 ({Don't play} 48... Kxd5 49. Rxe4 Rxe4 50. Rf2) 49. Rxe4 Rxe4 {[%csl Gf3][%cal Re4e1][%mdl 4096] Endgame KRN-KRN} 50. Rf2 Re1+ 51. Kc2 Ne5 52. b3 $2 (52. Rf6+ Kxd5 53. Kd2) 52... Ng4 53. Rf4 {[#]} Rxf1 $1 {[%mdl 512]} 54. Rxg4 (54. Rxf1 Ne3+) 54... Rf2+ 55. Kc1 h3 {Precision: White = 47%, Black = 62%.} 0-1

[Event "16th IRI-chT Super League 2017"]
[Site "Sari"]
[Date "2017.10.19"]
[Round "9"]
[White "Mari Ooriad, Pouya"]
[Black "Lorparizangeneh, Shahin"]
[Result "0-1"]
[WhiteElo "2161"]
[BlackElo "2486"]
[Annotator "TA"]
[PlyCount "92"]
[EventDate "2017.??.??"]
[EventType "team-tourn"]
[EventCountry "IRI"]
[SourceTitle "playchess.com"]
[Source "ChessBase"]
[SourceQuality "1"]

{[%evp 15,92,-53,-58,-49,-56,-58,-46,-58,-48,-52,-53,-16,-16,-37,-46,-181,-173,-181,-181,-181,-181,-181,-174,-182,-182,-182,-171,-166,-38,-33,-28,-39,0,-35,0,0,0,0,0,0,0,0,0,-14,-14,-14,-10,-229,-229,-220,0,-14,0,-212,-212,-180,-215,-159,-193,-265,-262,-420,-422,-421,-418,-396,-412,-404,-395,-395,-395,-408,-395,-612,-612,-612,-612,-29989,9]} 1. e4 e5 2. f4 d5 3. exd5 exf4 4. Nf3 Nf6 5. Bb5+ c6 6. dxc6 Nxc6 7. d4 Bd6 8. Qe2+ Be6 9. Ng5 {C36: King's Gambit Accepted: 3 Nf3 d5} O-O 10. Nxe6 Qb6 {Threatens to win with ...Rfe8.} (10... fxe6 11. Bxc6 bxc6 12. O-O Qc7 13. Nd2 Rae8 14. Nc4 g5 15. Bd2 e5 16. dxe5 Bxe5 17. Nxe5 Qxe5 18. Qxe5 Rxe5 19. Bb4 Rfe8 {½-½ (37) Sulskis,S (2559)-Melkumyan,H (2530) Benasque 2009}) 11. Bxc6 {Black is slightly better.} bxc6 {[%cal Bb7c6,Bc6c5][%mdl 32]} 12. Nxg7 Rfe8 13. Nxe8 Rxe8 14. Qxe8+ Nxe8 15. c3 (15. Nc3 $15) 15... c5 $146 ({Predecessor:} 15... Qb5 16. Nd2 Qd3 {0-1 (27) Luco,A (2161)-Nay,R (2080) Fouesnant 2001}) 16. d5 c4 17. Na3 Bxa3 ({Weaker is} 17... Qc5 18. Bd2 $15) 18. bxa3 Nf6 19. Bxf4 Nxd5 20. Bd2 Qe6+ 21. Kd1 {[#]} Ne3+ ({Black should play} 21... Qe4 $1 $19 22. Rc1 Qg4+ 23. Kc2 Qe2) 22. Bxe3 $1 $15 Qxe3 {[%mdl 4096] Endgame KQ-KRR} 23. Rc1 Qd3+ {[%mdl 1024] Black has compensation.} 24. Ke1 Kg7 25. Rf1 Qe3+ 26. Kd1 Qd3+ 27. Ke1 Qe3+ 28. Kd1 f6 29. g3 Qd3+ 30. Ke1 h5 31. Rf4 $2 (31. a4 $11 {and White is okay.}) 31... Qe3+ $19 32. Kd1 Qd3+ $2 (32... Qg1+ $19 33. Kc2 Qxh2+ 34. Kb1 Qxg3) 33. Ke1 $11 Qe3+ $2 (33... a5 $11) 34. Kd1 $19 Qg1+ 35. Kc2 Qxh2+ 36. Kb1 Qxg3 37. Rd4 (37. Rff1 $142 Qd3+ 38. Kb2) 37... h4 38. Ka1 $2 (38. Rdd1 Kf7 39. Rc2) 38... h3 39. Rxc4 h2 40. Rd4 f5 {[%cal Bf6f5,Bf5f4,Bf4f3,Bf3f2][%mdl 32]} 41. Rdd1 f4 42. c4 {White hopes to continue with c5.} f3 43. c5 {intending c6.} f2 {aiming for ...Qg1.} 44. c6 {[#]} (44. Rh1 $142) 44... Qg1 $1 45. c7 h1=Q $1 46. Rxg1+ Qxg1 $2 {[%mdl 32768] Precision: White = 63%, Black = 73%. . Loss on Time!?} (46... fxg1=Q {mates} 47. Rxg1+ Qxg1+ 48. Kb2 Qb6+ 49. Kc1 Qxc7+ 50. Kb2 Qc4 51. a4 a5 52. Kb1 Qe2 53. Kc1 Kf6 54. a3 Ke5 55. Kb1 Kd4 56. Ka1 Kc3 57. Kb1 Qb2#) 0-1

[Event "16th IRI-chT Super League 2017"]
[Site "Sari"]
[Date "2017.10.19"]
[Round "9"]
[White "Nejadshirazi Mohammad Reza"]
[Black "Pour Agha Bala, Amirreza"]
[Result "1/2-1/2"]
[WhiteElo "1908"]
[BlackElo "2133"]
[Annotator "TA"]
[PlyCount "134"]
[EventDate "2017.??.??"]
[EventType "team-tourn"]
[EventCountry "IRI"]
[SourceTitle "playchess.com"]
[Source "ChessBase"]
[SourceQuality "1"]

{[%evp 29,133,17,20,13,20,15,9,11,14,0,0,0,0,0,0,0,0,0,0,-11,-2,-11,-12,-19,-17,-18,-18,-20,0,-13,-13,-11,-4,-4,-4,-4,-4,-4,-5,-4,-4,-5,-5,-15,-6,-13,-13,-34,-34,-34,-34,-34,-34,-58,-58,-58,-58,-92,-77,-92,-77,-92,-77,-92,0,-92,0,-92,-92,-92,-92,-92,-92,-92,-92,-92,-92,-92,-92,-92,-92,-92,-92,-92,0,0,0,0,0,-40,0,-47,0,0,0,0,0,0,0,0,0,0,0,0,0,0]} 1. d4 Nf6 2. c4 c5 3. d5 e6 4. Nc3 exd5 5. cxd5 d6 6. e4 g6 7. Nf3 Bg7 8. h3 O-O 9. Bd3 b5 10. Bxb5 Nxe4 11. Nxe4 Qa5+ 12. Nfd2 Qxb5 13. Nxd6 Qa6 14. N2c4 Nd7 15. O-O Ne5 16. Nxc8 {A70: Modern Benoni: 6 e4 g6 7 Nf3} Raxc8 17. Nxe5 Bxe5 18. Re1 Rfe8 {[#]} 19. Re3 $146 ({Predecessor:} 19. Bg5 Bd4 20. Rc1 Qd6 21. Qa4 Re5 22. Rxe5 Qxe5 23. Qd7 Rb8 {0-1 (42) Meier,G (2664)-Gashimov,V (2740) Novi Sad 2009}) 19... Qd6 20. Rb1 Bd4 21. Rd3 Qxd5 22. Be3 Re4 23. Rc1 {aiming for Bxd4.} Rb8 24. b3 Qe5 {[%cal Rd4e3]} 25. Qf3 Re8 {[%cal Bb8e8,Be8e6,Be6f6][%mdl 32]} 26. Rc4 Re6 27. Rc1 {[%cal Bc4c1,Bc1d1,Bd1d7][%mdl 32]} Rf6 28. Qe2 Re6 29. Qd2 h5 30. Rd1 Rxe3 (30... Rd6 {keeps more tension.} 31. Qc2 h4 32. Rf1 Re6 33. Qd2 Rxe3 34. fxe3 Bxe3+ 35. Qxe3 Qxe3+ 36. Rxe3 Rxe3 37. Rf4 Re2) 31. fxe3 Bxe3+ 32. Rxe3 Qxe3+ 33. Qxe3 Rxe3 $11 {[%mdl 4096] Endgame KR-KR} 34. Rd7 {[#]} c4 $1 {[%mdl 512]} 35. bxc4 Ra3 36. Rd2 Rc3 37. Rd7 a5 38. Ra7 Ra3 39. c5 Rxa2 40. c6 Kg7 41. Ra8 {Hoping for c7.} Rc2 42. Rxa5 Rxc6 43. Ra2 g5 44. Kf2 Kg6 45. Rb2 f6 46. Ra2 f5 (46... h4 $17 47. Ke3 Kf5 48. Ra5+ Ke6) 47. Rb2 (47. h4 $11) 47... Kf6 ({Better is} 47... h4 $17 48. Ra2 Rc3 49. Ra6+ Kh5) 48. Ra2 (48. h4 $11 {remains equal.}) 48... h4 $17 49. Rb2 Ra6 50. Kf3 Ra3+ 51. Kf2 Ra5 52. Re2 Ra4 53. Rb2 Ke5 54. Rb5+ Kf4 55. Rb2 Re4 56. Rb3 g4 (56... Rd4 $17 {White must now prevent ...Rd2+.} 57. Rf3+ Ke5) 57. hxg4 $11 fxg4 (57... Kxg4 58. g3) 58. Rb8 g3+ 59. Kf1 Re5 60. Rb4+ Re4 61. Rxe4+ {The position is equal.} Kxe4 {KPP-KP} 62. Kg1 Ke3 63. Kf1 Kd2 64. Kg1 Ke1 65. Kh1 {[#]} h3 $1 {[%mdl 512] ( -> ...Kf2)} 66. Kg1 (66. gxh3 Kf2) 66... h2+ $2 {[%mdl 8192]} (66... hxg2 67. Kxg2 Ke2) 67. Kh1 Kf2 {Precision: White = 57%, Black = 62%.} 1/2-1/2

[Event "16th IRI-chT Super League 2017"]
[Site "Sari"]
[Date "2017.10.19"]
[Round "9"]
[White "Talaneh, Motahareh"]
[Black "Zahedifar, Anahita"]
[Result "1-0"]
[WhiteElo "1480"]
[BlackElo "2063"]
[Annotator "NA RC"]
[PlyCount "129"]
[EventDate "2017.??.??"]
[EventType "team-tourn"]
[EventCountry "IRI"]
[SourceTitle "playchess.com"]
[Source "ChessBase"]
[SourceQuality "1"]
[TimeControl "5400+30"]

1. e4 c6 2. d4 d5 3. exd5 cxd5 4. Bd3 Nc6 5. c3 Qc7 6. Ne2 Bg4 7. O-O e6 8. Qe1 Bxe2 9. Qxe2 Nf6 10. g3 Bd6 11. f4 O-O 12. Nd2 Rae8 13. Nf3 g6 14. Ne5 Nd7 15. Qg4 f5 16. Qf3 Nf6 17. Be3 Na5 18. Qe2 Ne4 19. Rac1 Bxe5 20. fxe5 Rc8 21. Bh6 Rfd8 22. Bxe4 dxe4 23. g4 Qe7 24. gxf5 exf5 25. Qg2 Qe6 26. Rf2 Rd7 27. Rcf1 Rf7 28. Rd1 Rd8 29. Kh1 Nc4 30. Re1 Nb6 31. b3 Nd5 32. Qg5 Rdd7 33. c4 Nb4 34. Rd2 Qe7 35. Qe3 Qe8 36. Qc3 Nc6 37. Bf4 Rg7 38. Bh6 Rge7 39. Bg5 Rf7 40. Bf4 Qe7 41. d5 Nd8 42. e6 Nxe6 43. dxe6 Qxe6 44. Red1 Qc6 45. Kg1 Qc5+ 46. Be3 Qc7 47. Rxd7 Rxd7 48. Rxd7 Qxd7 49. Qd2 Qxd2 50. Bxd2 Kf7 51. Kf2 Kf6 52. Bf4 a6 53. h4 Ke6 54. Ke3 Kd7 55. Kd4 Kc6 56. b4 b6 57. a4 Kd7 58. Kd5 Ke7 59. Kc6 Ke6 60. Kxb6 h6 61. Kc6 g5 62. hxg5 hxg5 63. Bxg5 Ke5 64. b5 f4 65. b6 1-0

[Event "16th IRI-chT Super League 2017"]
[Site "Sari"]
[Date "2017.10.19"]
[Round "10"]
[White "Maghsoodloo, Parham"]
[Black "Omidi, Arya"]
[Result "1-0"]
[WhiteElo "2560"]
[BlackElo "2380"]
[Annotator "TA"]
[PlyCount "85"]
[EventDate "2017.??.??"]
[EventType "team-tourn"]
[EventCountry "IRI"]
[SourceTitle "playchess.com"]
[Source "ChessBase"]
[SourceQuality "1"]

{[%evp 27,85,46,54,49,85,76,83,92,111,110,144,132,166,151,295,295,346,346,347,365,530,509,471,391,389,391,373,379,367,371,436,343,467,464,504,485,538,529,533,523,496,330,315,296,370,362,450,358,349,330,472,469,466,454,29985,908,864,413,2191,2004]} 1. e4 c5 2. Nf3 d6 3. d4 cxd4 4. Nxd4 Nf6 5. Nc3 g6 6. g3 Bg7 7. Bg2 O-O 8. O-O Nc6 9. Nde2 Bd7 10. h3 Rc8 11. a4 a6 {B70: Sizilianisch (Drachen-Variante)} 12. Nd5 Nxd5 (12... b5 13. axb5 axb5 14. Bd2 Nxd5 15. exd5 Ne5 16. Ba5 Qe8 17. Bc3 Qd8 18. Bd4 b4 {1-0 (34) Aronian,L (2784)-Grischuk,A (2752) chess.com INT 2016}) 13. exd5 Na5 14. Ra2 Qc7 {LiveBook: 4 Partien} 15. b3 e5 {[#]} 16. dxe6 $1 Bxe6 $146 ({Vorgänger:} 16... fxe6 17. Ba3 d5 18. Bxf8 Rxf8 {1-0 (33) Smolovic,M (2309)-Vojinovic,L (2110) Belgrade 2015}) 17. Nf4 Nc6 18. c4 Rcd8 19. Re1 Rfe8 20. Rae2 Qc8 (20... Be5 $16 {kämpft weiter.} 21. Nd5 (21. Nxe6 Rxe6 22. Bg5 Ra8 $16) 21... Bxd5 22. Bxd5 (22. Qxd5 Nd4 $14) 22... Qd7) 21. Nxe6 $18 Rxe6 22. Rxe6 fxe6 {[#]} 23. Rxe6 $1 {[%mdl 512]} d5 (23... Be5 $142 24. Bd5 Kh8) (23... Qxe6 24. Bd5) 24. Bxd5 {[%cal Re6e8]} Kh8 {Und ...Dxe6! würde nun gewinnen.} 25. Qg4 Nd4 26. Re3 Nf5 {zielt auf ...Txd5 ab.} 27. Re1 Qc5 28. Bd2 Bd4 29. Re2 Rf8 30. b4 Qd6 31. Kg2 b5 32. axb5 axb5 33. Re6 Qd7 {Schwarz hofft, mit ...bxc4 fortzusetzen.} 34. Be1 bxc4 35. Bxc4 Rc8 36. Qe2 Bg7 37. Ba6 Rf8 {beabsichtigt ...Sd4.} 38. Qe4 Nd4 (38... Qd8 $142 39. Bb7 Nd6) 39. Re7 Qd6 40. Bc3 Qf6 {[#]} (40... Bf6 $18 41. Re8 Rxe8 42. Qxe8+ Kg7) 41. f4 (41. Rxg7 $142 $1 Kxg7 (41... Qxg7 42. Bxd4) 42. Bxd4 Kh6 43. Bxf6 Rxf6 44. Qe7 Rf5 45. Bc8 Rg5 46. f4 Rb5 47. Qf8+ Kh5 48. Bg4#) 41... Qxa6 42. Bxd4 (42. Rxg7 $142 Qe2+ 43. Qxe2 Nxe2 44. Bb2) 42... Qa2+ (42... Bxd4 $142 43. Qxd4+ Qf6) 43. Kh1 {Precision: Weiß = 69%, Schwarz = 19%.} 1-0

[Event "16th IRI-chT Super League 2017"]
[Site "Sari"]
[Date "2017.10.19"]
[Round "10"]
[White "Mosadeghpour, Masoud"]
[Black "Mashmooli, Kian"]
[Result "1-0"]
[WhiteElo "2513"]
[BlackElo "2140"]
[Annotator "TA"]
[PlyCount "81"]
[EventDate "2017.??.??"]
[EventType "team-tourn"]
[EventCountry "IRI"]
[SourceTitle "playchess.com"]
[Source "ChessBase"]
[SourceQuality "1"]

{[%evp 23,81,29,35,31,37,0,0,0,0,0,0,0,0,0,35,0,0,0,45,46,73,20,31,31,40,14,20,15,27,14,7,12,17,12,18,23,174,170,156,135,179,82,311,335,708,686,732,732,729,707,701,699,693,689,664,653,663,678,631,633]} 1. e4 c5 2. Nf3 d6 3. Bb5+ Bd7 4. Bxd7+ Qxd7 5. c4 g6 6. Nc3 Bg7 7. d4 cxd4 8. Nxd4 Nc6 9. Be3 Nf6 10. f3 O-O 11. O-O Rfc8 12. b3 a6 13. Qd3 {B52: Sicilian: Moscow Variation with 3...Bd7} Rab8 (13... Qd8 14. Rac1 Nd7 15. Rfd1 Bxd4 16. Bxd4 Nxd4 17. Qxd4 b5 18. Nd5 bxc4 19. Rxc4 Rxc4 20. Qxc4 {½-½ (40) Mamedov,R (2658)-Vachier Lagrave,M (2765) Shamkir 2015}) 14. Rac1 Nxd4 15. Bxd4 {The position is equal.} b5 $1 16. cxb5 axb5 17. Rfd1 $146 ({Predecessor:} 17. Kh1 Qb7 18. e5 Nd5 19. exd6 Bxd4 20. Qxd4 Nxc3 21. Rxc3 Rxc3 22. Qxc3 exd6 {½-½ (60) Schweber,S (2445)-Hase,J Pinamar 1973}) 17... Qb7 18. Kf1 Nd7 19. Bxg7 Kxg7 20. Qd4+ Kg8 21. Nd5 Nc5 22. Rc3 (22. Qc3 $16) 22... Ne6 $11 23. Qd2 Rc5 24. Rdc1 Rbc8 25. b4 $36 {[%mdl 2048] White has the initiative.} Rxc3 $1 26. Rxc3 Rxc3 27. Qxc3 {White wants to play Qc8+!} Qa7 $1 28. a3 f6 29. f4 Qd4 $2 {[#]} (29... Kf7 $11 {and Black stays safe.}) 30. Nxe7+ $18 Kf7 31. Nd5 f5 32. Qc6 (32. Qxd4 $18 {and the rest is easy.} Nxd4 33. exf5) 32... Qd1+ $2 {[%mdl 8192]} (32... Qa1+ $16 33. Kf2 Qb2+ 34. Kg3 Qxa3+ 35. Kh4 Qa7) 33. Kf2 Qd2+ $2 (33... Qd4+ 34. Kg3 Qd3+ 35. Kh4 g5+ 36. Kh5 Nxf4+ 37. Kh6 Nxd5 38. exd5 Qe4 39. Qd7+ Kf8 40. Qxd6+ Ke8 41. Qb8+ Kf7 42. Qc7+ Kf8 43. Kxh7 Qxd5) 34. Kg3 {[#] Qd7+ would kill now.White is clearly winning.} Qd3+ 35. Kh4 {Intending Qd7+ and mate.} g5+ 36. Kh5 {White threatens Qd7+ and mate.} Nxf4+ 37. Nxf4 gxf4 38. Qd7+ Kf8 39. Qxf5+ Ke8 40. Qxf4 Kd7 41. Qf3 {Precision: White = 61%, Black = 42%.} 1-0